Bauhaus, 1919-1928 (Record no. 6638)
[ view plain ]
| 000 -CABECERA | |
|---|---|
| campo de control de longitud fija | 00742nam a2200253 a 4500 |
| 001 - NÚMERO DE CONTROL | |
| campo de control | BRCA_6956 |
| 005 - FECHA Y HORA DE LA ÚLTIMA TRANSACCIÓN | |
| campo de control | 20190320205646.0 |
| 008 - DATOS DE LONGITUD FIJA--INFORMACIÓN GENERAL | |
| campo de control de longitud fija | 181111s1952----u--ac#####---#000-0#eng-# |
| 041 ## - CÓDIGO DE LENGUA | |
| Código de lengua del texto/banda sonora o título independiente | eng |
| 044 ## - CÓDIGO DEL PAÍS DE LA ENTIDAD EDITORA/PRODUCTORA | |
| Código MARC del país | u |
| 050 #4 - SIGNATURA TOPOGRÁFICA DE LA BIBLIOTECA DEL CONGRESO | |
| Número de clasificación | N332.D4 |
| Número de documento/Ítem | .B3 1952 |
| 245 10 - MENCIÓN DE TÍTULO | |
| Título | Bauhaus, 1919-1928 |
| Mención de responsabilidad, etc. | edited by Herbert Bayer, Walter Gropius, Ise Gropius |
| 260 ## - PUBLICACIÓN, DISTRIBUCIÓN, ETC. | |
| Lugar de publicación, distribución, etc. | Boston |
| Nombre del editor, distribuidor, etc. | Charles T. Branfort Co. |
| Fecha de publicación, distribución, etc. | 1952 |
| 300 ## - DESCRIPCIÓN FÍSICA | |
| Extensión | 223 p. |
| Otras características físicas | il. |
| Dimensiones | 27 cm. |
| 500 ## - NOTA GENERAL | |
| Nota general | Estado físico: camisa rota |
| 500 ## - NOTA GENERAL | |
| Nota general | O193 |
| 650 14 - PUNTO DE ACCESO ADICIONAL DE MATERIA--TÉRMINO DE MATERIA | |
| Término de materia o nombre geográfico como elemento de entrada | Bauhaus |
| 9 (RLIN) | 17336 |
| 650 14 - PUNTO DE ACCESO ADICIONAL DE MATERIA--TÉRMINO DE MATERIA | |
| Término de materia o nombre geográfico como elemento de entrada | Arte |
| Subdivisión general | Estudio y enseñanza |
| Subdivisión geográfica | Alemania (Este) |
| 9 (RLIN) | 17337 |
| 700 1# - PUNTO DE ACCESO ADICIONAL--NOMBRE DE PERSONA | |
| Nombre de persona | Bayer, Herbert |
| Término indicativo de función/relación | ed. |
| 9 (RLIN) | 17338 |
| 700 1# - PUNTO DE ACCESO ADICIONAL--NOMBRE DE PERSONA | |
| Nombre de persona | Gropius, Walter |
| Término indicativo de función/relación | ed. |
| 9 (RLIN) | 17339 |
| 700 1# - PUNTO DE ACCESO ADICIONAL--NOMBRE DE PERSONA | |
| Nombre de persona | Gropius, Ise |
| Término indicativo de función/relación | ed. |
| 9 (RLIN) | 17340 |
| 902 ## - CATALOGADOR | |
| Iniciales | GFM |
| 942 ## - ELEMENTOS DE PUNTO DE ACCESO ADICIONAL (KOHA) | |
| Fuente del sistema de clasificación o colocación | Library of Congress Classification |
| Tipo de ítem Koha | Libros |
| Estado de retiro | Estado de pérdida | Estado dañado | No para préstamo | Localización permanente | Ubicación/localización actual | Fecha de adquisición | Número de inventario | Total de préstamos | Signatura topográfica completa | Código de barras | Fecha visto por última vez | Precio válido a partir de | Tipo de ítem Koha |
|---|---|---|---|---|---|---|---|---|---|---|---|---|---|
| El ejemplar forma parte de la colección y puede ser consultado según las políticas vigentes. | Biblioteca del Museo Franz Mayer (Rogerio Casas-Alatriste) | Biblioteca del Museo Franz Mayer (Rogerio Casas-Alatriste) | 18/11/2011 | O193 | N332.D4 .B3 1952 (O193) | 7403 | 22/03/2019 | 22/03/2019 | Libros |